• 首页
  • 本馆介绍
  • 公告通知
  • 最新文献
  • 馆藏检索
  • 电子资源
  • 读者导购
  • 参考咨询
  • 我的图书馆
  • 登录
  • 详细信息显示
  • 放入我的书架
  • 预约/预借图书
  • 作者相关作品
  • 分类相关作品
  • 丛书相关作品
  • 出版社相关作品

书目信息

  • 表格格式
  • 工作单格式
  • 卡片格式
题名:
环境艺术设计原理
    
 
作者: 董万里 , 许亮 编著
分册: 下  
出版信息: 重庆   重庆大学出版社  2003
页数: 108页
开本: 29cm
丛书名: 高等院校艺术设计专业丛书
单 册:
中图分类: TU-80
科图分类:
主题词: 建筑艺术--环境设计--高等学校
电子资源:
ISBN: 7-5624-2686-4
000 00823oam2 2200253 45
001 002208927
005 20050329141815.2
010    @a7-5624-2686-4@dCNY40.00
100    @a20030814d2003 em y0chiy0110 ea
101 0  @achi
102    @aCN@b500000
105    @aa z 000yy
200 1  @a环境艺术设计原理@Ahuan jing yi shu she ji yuan li@h下@f董万里,许亮编著@FDong Wan Li,Xu Liang Bian Zhu
210    @a重庆@c重庆大学出版社@d2003
215    @a108页@c图@d29cm
225 2  @a高等院校艺术设计专业丛书
330    @a本书共分四部分,内容包括:空间概述,空间设计,环境色彩设计和环境光设计。
410    @12001 @a高等院校艺术设计专业丛书
606 0  @a建筑艺术@x环境设计@x高等学校
690    @aTU-80@v4
701  0 @a董万里@4编著
701  0 @a许亮@4编著
801  0 @aCN@bNLC@c20031119
905    @b346648-650@dTU-80@e36:2@f3
    
    环境艺术设计原理.下/董万里,许亮编著.-重庆:重庆大学出版社,2003
    108页:图;29cm.-(高等院校艺术设计专业丛书)
    
    
    ISBN 7-5624-2686-4:CNY40.00
    本书共分四部分,内容包括:空间概述,空间设计,环境色彩设计和环境光设计。
●
相关链接 在E读中查询图书 在五车中查询图书 在当当中查询图书 在豆瓣中查询图书


正题名:环境艺术设计原理     索取号:TU-80/36:2         预约/预借

序号 登录号 条形码 馆藏地/架位号 状态 备注
1 0346648   203466481   第二样本阅览室/ [索取号:TU-80/36:2] 在馆    
2 0346649   203466490   第三借阅区/ [索取号:TU-80/36:2] 在馆    
3 0346650   203466506   第三借阅区/ [索取号:TU-80/36:2] 在馆    
唐山师范学院图书馆 欢迎您!
大连网信软件有限公司© 版权所有